All DC The Don Projects - Statistics

General Stats
  • This quiz has been taken 2 times
  • The average score is 9 of 10
Answer Stats
Hint Answer % Correct
(2024) 2012
100%
(2020) Come As You Are
100%
(2023) Funeral
100%
(2022) My Own Worst Enemy
100%
(2024) REBIRTH
100%
(2022) SACRED HEART
100%
(2023) SACRED HEART 2
100%
(2026) the rumors are true
100%
(2019) DC Fridays
50%
(2018) DC Dahmer
0%
No matching quizzes found
Score Distribution
Percent of People with Each Score
Percentile by Number Answered
Your Score History
You have not taken this quiz